<?xml version="1.0" encoding="UTF-8"?><?xml-stylesheet type="text/xsl" href="static/style.xsl"?><OAI-PMH xmlns="http://www.openarchives.org/OAI/2.0/" xmlns:xsi="http://www.w3.org/2001/XMLSchema-instance" xsi:schemaLocation="http://www.openarchives.org/OAI/2.0/ http://www.openarchives.org/OAI/2.0/OAI-PMH.xsd"><responseDate>2026-04-27T20:21:55Z</responseDate><request verb="GetRecord" identifier="oai:uvadoc.uva.es:10324/23217" metadataPrefix="marc">https://uvadoc.uva.es/oai/request</request><GetRecord><record><header><identifier>oai:uvadoc.uva.es:10324/23217</identifier><datestamp>2021-06-29T16:58:04Z</datestamp><setSpec>com_10324_38</setSpec><setSpec>col_10324_852</setSpec></header><metadata><record xmlns="http://www.loc.gov/MARC21/slim" xmlns:doc="http://www.lyncode.com/xoai" xmlns:xsi="http://www.w3.org/2001/XMLSchema-instance" xmlns:dcterms="http://purl.org/dc/terms/" xsi:schemaLocation="http://www.loc.gov/MARC21/slim http://www.loc.gov/standards/marcxml/schema/MARC21slim.xsd">
<leader>00925njm 22002777a 4500</leader>
<datafield tag="042" ind1=" " ind2=" ">
<subfield code="a">dc</subfield>
</datafield>
<datafield tag="720" ind1=" " ind2=" ">
<subfield code="a">Arias Martín, Beatriz</subfield>
<subfield code="e">author</subfield>
</datafield>
<datafield tag="260" ind1=" " ind2=" ">
<subfield code="c">2016</subfield>
</datafield>
<datafield tag="520" ind1=" " ind2=" ">
<subfield code="a">Este Trabajo de Fin de Grado pretende analizar la calidad de la localización, y en especial de la traducción, de la página web de turismo de España, dado que esta actividad mueve grandes sumas de dinero y su presentación merece una buena calidad. Para alcanzar este objetivo, se describen la necesidad de la localización, las distintas fases del proceso de localización y los elementos susceptibles de localización. Se detallan la definición y la finalidad de la traducción turística y se ennumeran las dificultades que presentan los textos turísticos y las estrategias para resolverlas. Gracias a esta teoría, se desarrollan un análisis superficial de la calidad de la localización, estudiando los posibles elementos localizables, y un análisis detallado de la traducción, estudiando sus dificultades, las estrategias para resolverlas y su calidad. Finalmente, se incluyen los resultados de dicho análisis, que permiten determinar la calidad del sitio web, y las conclusiones del trabajo.</subfield>
</datafield>
<datafield tag="024" ind2=" " ind1="8">
<subfield code="a">http://uvadoc.uva.es/handle/10324/23217</subfield>
</datafield>
<datafield tag="245" ind1="0" ind2="0">
<subfield code="a">Analysis of the Localization of the Official Spanish Website of Tourism in International Spanish and International English</subfield>
</datafield>
</record></metadata></record></GetRecord></OAI-PMH>